000 00955cam a2200241 4500
001 WB3702-28
008 000000n2001 000 0 eng u
035 _a(Sirsi) u110246
245 _aFarmers earn millions
260 _c2001
490 _aSunday Times
_v7 January 2001, 10(1)
520 _aA Kent farmer has been paid an initial £1.5m sum and £300,000 a year by a government agency to create and manage his land for wildlife. Conservationists welcome the growing trend towards environmentally-friendly farming, although farmers are critical, arguing that tax-payers are being exploited and farmers should stick to food production.
590 _aWB
650 _aNATURE CONSERVATION
650 _aFARMING
650 _aMANAGEMENT AGREEMENTS
650 _aSUBSIDIES
650 _aCONSERVATION GRANTS
650 _aENVIRONMENTALLY FRIENDLY
650 _aFARM DIVERSIFICATION
690 _aRURAL-FARM BUSINESS MANAGEMENT
942 _n0
999 _c65743
_d65743